Determinación de costos en la actividad hotelera (Registro nro. 11305)

Detalles MARC
000 -LEADER
fixed length control field 00360 a2200121 4500
001 - CONTROL NUMBER
control field ART_6110
005 - DATE AND TIME OF LATEST TRANSACTION
control field 20260410161618.0
008 - FIXED-LENGTH DATA ELEMENTS--GENERAL INFORMATION
fixed length control field 260409a
100 1# - MAIN ENTRY--PERSONAL NAME
Personal name Iacomucci, Norma H.
245 10 - TITLE STATEMENT
Title Determinación de costos en la actividad hotelera
700 1# - ADDED ENTRY--PERSONAL NAME
Personal name González Escudero, Alejandro
773 0# - HOST ITEM ENTRY
Title Enfoques
Related parts - Nº 2 (feb. 2008)
Record control number REV416

No hay ítems disponibles.